Online Catalogue and eLibrary

kantha dashaka saha Sri Lanka kanthawange prakathiya (Record no. 6062)

MARC details
000 -LEADER
fixed length control field 00423nam a22001457a 4500
005 - DATE AND TIME OF LATEST TRANSACTION
control field 20250612023731.0
008 - FIXED-LENGTH DATA ELEMENTS--GENERAL INFORMATION
fixed length control field 250612b |||||||| |||| 00| 0 eng d
082 ## - DDC Classification
DDC Edition Number 22
Class No. 305
Item Number - Author Mark Sri
100 ## - MAIN ENTRY--PERSONAL NAME
Personal name Centre for women research
245 ## - TITLE STATEMENT
Title kantha dashaka saha Sri Lanka kanthawange prakathiya
260 ## - PUBLICATION, DISTRIBUTION, ETC.
Place of publication, distribution, etc. Colombo
Name of publisher, distributor, etc. CENWOR
300 ## - PHYSICAL DESCRIPTION
Extent (e.g. Volumes, Pages etc.) 254 p .,
500 ## - GENERAL NOTE
General note The Decade of women and the progress of Sri Lankan women
942 ## - Koha item type (Biblio)
Koha item type Books in Stacks (Lending)
Holdings
Lost status Damaged status Collection code Home library Current library Date acquired Full call number Accession Number Item type
    Lending WERC Library WERC Library 06/12/2025 305 1176 Books in Stacks (Lending)

© WERC Library